B.Sc. Nursing IV Semester: Textbook of Adult Health Nursing-II (Record no. 357080)

MARC details
000 -LEADER
fixed length control field 00472nam a22001697a 4500
005 - DATE AND TIME OF LATEST TRANSACTION
control field 20240216173335.0
008 - FIXED-LENGTH DATA ELEMENTS--GENERAL INFORMATION
fixed length control field 240213b |||||||| |||| 00| 0 eng d
020 ## - INTERNATIONAL STANDARD BOOK NUMBER
International Standard Book Number 978-93-93885-80-7
041 ## - LANGUAGE CODE
Language code of text/sound track or separate title English
082 ## - DEWEY DECIMAL CLASSIFICATION NUMBER
Classification number MS 610.73677 CLE DB1220
100 ## - MAIN ENTRY--PERSONAL NAME
Author Clement I
245 ## - TITLE STATEMENT
Title B.Sc. Nursing IV Semester: Textbook of Adult Health Nursing-II
260 ## - PUBLICATION, DISTRIBUTION, ETC.
Name of publisher, distributor, etc. EMMESS Medical Publishers
Date of publication, distribution, etc. 2023
Place of publication, distribution, etc. Bangalore
300 ## - PHYSICAL DESCRIPTION
Extent 926p
365 ## - TRADE PRICE
Price amount 950.00
942 ## - ADDED ENTRY ELEMENTS (KOHA)
Koha item type Donated Book
Holdings
Withdrawn status Lost status Source of classification or shelving scheme Damaged status Not for loan Home library Current library Date acquired Net Price Bill number Total Checkouts Total Renewals Full call number Barcode Date due Date last seen Date last checked out Bill Date Koha item type Original Barcode
    Dewey Decimal Classification     Smt. Bakul Tambat Institute of Nursing Education Smt. Bakul Tambat Institute of Nursing Education 13/02/2024 950.00 68 17 22 MS 610.73677 CLE DB1220 BTIN-DB-1220 07/04/2026 31/03/2026 31/03/2026 13/02/2024 Donated Book DB1220